| 000 | 00703cam a2200205 a 4500 | ||
|---|---|---|---|
| 020 | _a047167995X (pbk.) | ||
| 040 | _cDLC | ||
| 082 | 0 | 0 | _a328 JOH 2004 A012 Or. |
| 100 | 1 | _aSifry, Micah L. | |
| 245 | 1 | 0 |
_aIs that a politician in your pocket? : _bWashington on $2 million a day / |
| 260 |
_aHoboken, N.J. : _bJohn Wiley & Sons, _cc2004. |
||
| 300 |
_axi, 227 p. : _bill. ; _c22 cm. |
||
| 650 | 0 | _aLobbying | |
| 650 | 0 | _aPressure groups | |
| 700 | 1 | _aWatzman, Nancy. | |
| 856 | 4 | 2 | _uhttp://www.loc.gov/catdir/bios/wiley047/2004008520.html |
| 856 | 4 | 2 | _uhttp://www.loc.gov/catdir/description/wiley041/2004008520.html |
| 856 | 4 | 1 | _uhttp://www.loc.gov/catdir/toc/ecip0417/2004008520.html |
| 942 | _cEK | ||
| 999 |
_c13916 _d13916 |
||